The Journal of Commonwealth & Comparative Politics (Record no. 1548)

MARC details
000 -LEADER
fixed length control field 00374nam a22001337a 4500
008 - FIXED-LENGTH DATA ELEMENTS--GENERAL INFORMATION
fixed length control field 230620b xxu||||| |||| 00| 0 eng d
082 ## - DEWEY DECIMAL CLASSIFICATION NUMBER
Classification number 320.9
Item number CRO
100 ## - MAIN ENTRY--PERSONAL NAME
Titles and words associated with a name Richard Crook, James Manor, John A. Wiseman
245 ## - TITLE STATEMENT
Title The Journal of Commonwealth & Comparative Politics
260 ## - PUBLICATION, DISTRIBUTION, ETC. (IMPRINT)
Name of publisher, distributor, etc. Taylor & Francis Ltd
Date of publication, distribution, etc. 2004
300 ## - PHYSICAL DESCRIPTION
Extent 167p
440 ## - SERIES STATEMENT/ADDED ENTRY--TITLE
Volume/sequential designation Volume 25
942 ## - ADDED ENTRY ELEMENTS (KOHA)
Source of classification or shelving scheme Dewey Decimal Classification
Koha item type Books

No items available.

LIBRARY OPENING HOURS

When the Parliament is sitting: 8.00a.m - 7.00p.m or until the house adjourns
Mondays and Fridays and when the House is on Recess:  8.00a.m - 5.00p.m
Closed on Weekends and Public Holidays

Online Public Access Catalog (OPAC)
Website: http://www.parliament.go.ke
Bunge Library: https://libraryir.parliament.go.ke
Contact: library@parliament.go.ke | Tel no: (254-2)2221291 or 2848000 Ext 5043